[Event "23rd EUR-ch (w)"]
[Site "Petrovac MNE"]
[Date "2023.03.23"]
[Round "6.8"]
[White "Hrebenshchykova, Yelyzaveta"]
[Black "Osmak, Yulia"]
[Result "0-1"]
[WhiteElo "2289"]
[BlackElo "2445"]
[EventDate "2023.03.18"]
[PlyCount "100"]
[WhiteTeam "Ukraine"]
[BlackTeam "Ukraine"]

1.e4 c5 2.Nf3 d6 3.d4 cxd4 4.Nxd4 Nf6 5.Nc3 a6 6.Bg5 e6 7.Qf3 Be7 8.O-O-O 
Qc7 9.Be2 Nbd7 10.Rhe1 O-O 11.g4 b5 12.a3 Bb7 13.h4 Nc5 14.Bf1 Rac8 15.Kb1
Rfe8 16.Bd3 Qb6 17.Bc1 b4 18.axb4 Qxb4 19.g5 Qxd4 20.Bb5 Qb4 21.gxf6 Bxf6 
22.Bxe8 Rxe8 23.Rxd6 Nxe4 24.Nxe4 Bxe4 25.Qxe4 Qxd6 26.Bg5 Qd4 27.Bxf6 
Qxf6 28.f3 Rb8 29.b3 Rd8 30.Qc4 a5 31.Qc5 a4 32.bxa4 Rb8+ 33.Kc1 Qa1+ 34.
Kd2 Qxa4 35.Re4 Rd8+ 36.Kc3 Qa1+ 37.Kb3 h6 38.Qc7 Ra8 39.Kc4 Qf1+ 40.Kd4 
Qf2+ 41.Re3 Qxh4+ 42.Kd3 Rd8+ 43.Ke2 Qg5 44.Rd3 Qg2+ 45.Ke3 Rxd3+ 46.Kxd3 
Qxf3+ 47.Kd2 g5 48.Qd8+ Kg7 49.c4 Qf2+ 50.Kd3 Qf1+ 0-1

[Event "23rd EUR-ch (w)"]
[Site "Petrovac MNE"]
[Date "2023.03.23"]
[Round "6.9"]
[White "Javakhishvili, Lela"]
[Black "Mkrtchian, Mariam"]
[Result "0-1"]
[WhiteElo "2443"]
[BlackElo "2343"]
[EventDate "2023.03.18"]
[PlyCount "172"]
[WhiteTeam "Georgia"]
[BlackTeam "Armenia"]

1.d4 Nf6 2.c4 e6 3.Nc3 d5 4.Bg5 Bb4 5.e3 h6 6.Bh4 g5 7.Bg3 Ne4 8.Ne2 h5 9.
h4 g4 10.Be5 f6 11.Bf4 c6 12.a3 Be7 13.Nxe4 dxe4 14.Qc2 f5 15.Bg3 Nd7 16.
O-O-O Nf8 17.f3 exf3 18.gxf3 Bd6 19.Nf4 Kf7 20.c5 Bb8 21.Bc4 Qf6 22.Rhf1 
Kg7 23.e4 Ng6 24.e5 Qe7 25.fxg4 hxg4 26.h5 Nxf4 27.Bxf4 Bc7 28.Rg1 Rg8 29.
h6+ Kh7 30.Be2 Kh8 31.h7 Rg7 32.Rh1 Bd7 33.Rh6 Re8 34.Rdh1 Bd8 35.Kb1 Qf7 
36.Qd2 Rg6 37.R6h5 Bc8 38.Bd3 Rf8 39.Qc3 Qd7 40.Bc4 Rf7 41.b4 a6 42.a4 Qe8
43.b5 Rgg7 44.Bh6 Rxh7 45.bxa6 bxa6 46.Ka2 Ra7 47.Qb2 Rac7 48.Qd2 Qg6 49.
Qf4 Rcf7 50.R5h2 Be7 51.Qg3 Bg5 52.Bf8 Rxh2+ 53.Rxh2+ Rh7 54.Rb2 Qe8 55.
Bd6 Rb7 56.Rh2+ Rh7 57.Rb2 Kg7 58.Rb8 Qd7 59.Bf1 Kg6 60.Bg2 Bd2 61.Qf2 Bg5
62.Qg3 Rh8 63.Qb3 Bf4 64.Qc4 Rh2 65.Rb2 Kg5 66.a5 Bg3 67.Qa4 f4 68.Bxc6 
Rxb2+ 69.Kxb2 Qh7 70.Qc2 Qxc2+ 71.Kxc2 f3 72.Kd3 Kf4 73.Bf8 Be1 74.Bh6+ 
Kg3 75.Ke3 Bxa5 76.Bf4+ Kg2 77.Be4 Be1 78.d5 Bf2+ 79.Kd3 exd5 80.Bxd5 Bxc5
81.Bg5 Kg3 82.Be3 Bf5+ 83.Kd2 Bxe3+ 84.Kxe3 f2 85.Bc4 Kg2 86.Kf4 Bc8 0-1

[Event "23rd EUR-ch (w)"]
[Site "Petrovac MNE"]
[Date "2023.03.23"]
[Round "6.18"]
[White "Zawadzka, Jolanta"]
[Black "Rudzinska, Michalina"]
[Result "0-1"]
[WhiteElo "2391"]
[BlackElo "2212"]
[EventDate "2023.03.18"]
[PlyCount "140"]
[WhiteTeam "Poland"]
[BlackTeam "Poland"]

1.e4 c6 2.d4 d5 3.e5 Bf5 4.h4 h6 5.g4 Be4 6.f3 Bh7 7.Bd3 Bxd3 8.Qxd3 e6 9.
h5 c5 10.c3 Nc6 11.Ne2 Rc8 12.a3 Qb6 13.Nd2 cxd4 14.cxd4 Na5 15.b3 Ne7 16.
Kf2 Nec6 17.f4 Be7 18.Rb1 f6 19.b4 Nc4 20.Nxc4 dxc4 21.Qg6+ Kf8 22.Be3 Qc7
23.Nc3 Qd7 24.Rbd1 Bd8 25.d5 Ne7 26.Qe4 Nxd5 27.Nxd5 exd5 28.Rxd5 Qxg4 29.
Bc5+ Kg8 30.Qxc4 Kh7 31.exf6 Bxf6 32.Qe4+ Kg8 33.Rd3 b6 34.Rg1 Qxh5 35.
Qe6+ Kh7 36.Qe4+ Kg8 37.Be3 Re8 38.Qc4+ Kh7 39.Rg2 Qh4+ 40.Kg1 Qe1+ 41.Kh2
Rhf8 42.Bd2 Qf1 43.Qd5 Re2 44.Rg3 Rd8 45.Qf5+ Kh8 46.Rxe2 Qxe2+ 47.Rg2 Qd1
48.Qg6 Qb3 49.Re2 Qd5 50.Re8+ Rxe8 51.Qxe8+ Kh7 52.Qe3 Bd4 53.Qd3+ Kh8 54.
Qe2 Qf5 55.Bc1 b5 56.Bd2 Qc2 57.Kg3 Kh7 58.Kf3 Bb2 59.Qe3 Bxa3 60.Bc3 Bc1 
61.Qd4 Qg6 62.Qe5 h5 63.Kf2 h4 64.f5 Qg5 65.Ke2 Qg4+ 66.Kf2 Bf4 67.Qe6 h3 
68.Bd4 h2 69.Qc6 Qg1+ 70.Ke2 h1=Q 0-1

[Event "23rd EUR-ch (w)"]
[Site "Petrovac MNE"]
[Date "2023.03.23"]
[Round "6.32"]
[White "Richterova, Natasa"]
[Black "Fataliyeva, Ulviyya"]
[Result "1-0"]
[WhiteElo "2190"]
[BlackElo "2427"]
[EventDate "2023.03.18"]
[PlyCount "41"]
[WhiteTeam "Czech Republic"]
[BlackTeam "Azerbaijan"]

1.e4 e6 2.d4 d5 3.exd5 exd5 4.Bd3 Nf6 5.Nf3 c5 6.c3 Bd6 7.dxc5 Bxc5 8.O-O 
O-O 9.Nbd2 Nc6 10.Nb3 Bb6 11.h3 Ne4 12.Nbd4 Qf6 13.Be3 Bc7 14.Re1 h6 15.c4
Bb6 16.Bc2 Nb4 17.cxd5 Nc5 18.Nb3 Qxb2 19.Re2 Qc3 20.Nxc5 Bxc5 21.Rc1 1-0

[Event "23rd EUR-ch (w)"]
[Site "Petrovac MNE"]
[Date "2023.03.23"]
[Round "6.37"]
[White "Zhapova, Yana"]
[Black "Koridze, Lile"]
[Result "0-1"]
[WhiteElo "2269"]
[BlackElo "2122"]
[EventDate "2023.03.18"]
[PlyCount "70"]
[WhiteTeam "FID"]
[BlackTeam "Georgia"]

1.e4 c5 2.Nf3 d6 3.Bb5+ Nd7 4.Ba4 Nf6 5.O-O g6 6.Re1 Bg7 7.c3 O-O 8.d4 e6 
9.Bf4 Qb6 10.Na3 d5 11.exd5 Nxd5 12.Bg3 cxd4 13.c4 Nc7 14.Rb1 Nc5 15.b4 
Nxa4 16.Qxa4 Ne8 17.Rbd1 a5 18.Nc2 Nd6 19.Nfxd4 Nxc4 20.Qb3 e5 21.Qxc4 
exd4 22.bxa5 Qxa5 23.Nxd4 Bg4 24.f3 Bd7 25.Nb3 Qa4 26.Qc7 Bc6 27.Bf2 Qxa2 
28.Nd4 Qa5 29.Qf4 Rad8 30.Bh4 Rxd4 31.Rxd4 g5 32.Qd6 Bxd4+ 33.Qxd4 gxh4 
34.Qxh4 f6 35.Re7 Qc5+ 0-1

[Event "23rd EUR-ch (w)"]
[Site "Petrovac MNE"]
[Date "2023.03.23"]
[Round "6.51"]
[White "Hrescak, Ivana"]
[Black "Ismayil, Malak"]
[Result "1-0"]
[WhiteElo "2127"]
[BlackElo "2011"]
[EventDate "2023.03.18"]
[PlyCount "171"]
[WhiteTeam "Slovenia"]
[BlackTeam "Azerbaijan"]

1.d4 Nf6 2.c4 e6 3.g3 d5 4.Bg2 dxc4 5.Nf3 Nc6 6.Qa4 Bb4+ 7.Bd2 Nd5 8.Bxb4 
Nxb4 9.O-O Rb8 10.Na3 O-O 11.Qb5 b6 12.Qxc4 Ba6 13.Nb5 Qd5 14.Qxd5 exd5 
15.Nc3 Rfe8 16.Rfd1 Ne7 17.a3 Nbc6 18.b4 Bc8 19.Rac1 Be6 20.Ng5 Nd8 21.b5 
Nb7 22.Na2 Nd6 23.a4 c6 24.bxc6 Rbc8 25.Nb4 a5 26.Nd3 Nxc6 27.Nf4 Bd7 28.
Bxd5 Nb4 29.Bb3 b5 30.axb5 Bxb5 31.Rc5 a4 32.Bxf7+ Nxf7 33.Rxb5 Nc2 34.
Nxf7 Kxf7 35.Rb7+ Kf8 36.d5 Re7 37.Rb2 a3 38.Ra2 Rb7 39.Nd3 Rb3 40.e4 Rcc3
41.Ne5 Nb4 42.Rad2 a2 43.d6 Rc8 44.d7 Rd8 45.Rxa2 Nxa2 46.Nc6 Rxd7 47.Rxd7
Rb1+ 48.Kg2 Re1 49.e5 h5 50.h4 Nc3 51.Rd3 Na4 52.Rf3+ Kg8 53.Rf5 g6 54.
Ne7+ Kg7 55.Rg5 Nc5 56.Rxg6+ Kf7 57.Rc6 Nd3 58.Ng6 Re2 59.Rf6+ Kg7 60.Nf4 
Rxf2+ 61.Kg1 Rd2 62.Nxh5+ Kh7 63.e6 Re2 64.Kf1 Re1+ 65.Kg2 Nc5 66.Nf4 Re3 
67.g4 Ne4 68.Rf7+ Kg8 69.Nh5 Re2+ 70.Kf3 Re1 71.Kf4 Re2 72.Nf6+ Nxf6 73.
Rxf6 Kg7 74.Rf7+ Kg6 75.h5+ Kh6 76.Rf6+ Kg7 77.g5 Rf2+ 78.Ke5 Re2+ 79.Kd6 
Rd2+ 80.Ke7 Rd5 81.Rg6+ Kh7 82.Kf6 Rd6 83.Rg7+ Kh8 84.Rd7 Ra6 85.Rd8+ Kh7 
86.g6+ 1-0

[Event "23rd EUR-ch (w)"]
[Site "Petrovac MNE"]
[Date "2023.03.23"]
[Round "6.55"]
[White "Bluebaum, Johanna"]
[Black "Petrova, Irina"]
[Result "1/2-1/2"]
[WhiteElo "1954"]
[BlackElo "2123"]
[EventDate "2023.03.18"]
[PlyCount "123"]
[WhiteTeam "Germany"]
[BlackTeam "Ukraine"]

1.d4 g6 2.c4 Bg7 3.e4 d6 4.Nf3 Bg4 5.Be2 Nc6 6.Be3 e5 7.d5 Bxf3 8.Bxf3 Nd4
9.Nd2 c5 10.Qa4+ Qd7 11.Qxd7+ Kxd7 12.Bd1 f5 13.Bxd4 cxd4 14.Bc2 Ne7 15.
O-O Bh6 16.Nb1 Rac8 17.Na3 a6 18.f3 b5 19.cxb5 axb5 20.Bd3 b4 21.Nc4 Rb8 
22.a4 Rhf8 23.b3 Nc8 24.g4 fxg4 25.fxg4 Bf4 26.a5 Kc7 27.Ra4 h5 28.gxh5 
gxh5 29.Rf2 Rg8+ 30.Rg2 Na7 31.Ra2 h4 32.Rxg8 Rxg8+ 33.Rg2 Bg5 34.h3 Rg7 
35.Kh1 Nc8 36.Nd2 Bf6 37.Rxg7+ Bxg7 38.Nf3 Bf6 39.Ne1 Bg5 40.Nf3 Bf6 41.
Ne1 Bg5 42.Bb5 Ne7 43.Kg2 Ng6 44.Nd3 Nf4+ 45.Nxf4 Bxf4 46.Bd3 Bg5 47.a6 
Bd8 48.Kf3 Kb6 49.Kg4 Ka7 50.Kf5 Bb6 51.Kf6 Kb8 52.Ke7 Bc5 53.Kf6 Bb6 54.
Kf5 Ka7 55.Ke6 Bc5 56.Kd7 Kb6 57.Kc8 Ka7 58.Kc7 Ka8 59.Kd7 Kb8 60.Ke6 Ka7 
61.Kf5 Bb6 62.Kg4 1/2-1/2

[Event "23rd EUR-ch (w)"]
[Site "Petrovac MNE"]
[Date "2023.03.25"]
[Round "7.5"]
[White "Arabidze, Meri"]
[Black "Garifullina, Leya"]
[Result "1-0"]
[WhiteElo "2433"]
[BlackElo "2372"]
[EventDate "2023.03.18"]
[PlyCount "97"]
[WhiteTeam "Georgia"]
[BlackTeam "FID"]

1.d4 Nf6 2.c4 e6 3.Nc3 Bb4 4.f3 c5 5.d5 d6 6.e4 b5 7.Ne2 bxc4 8.Nf4 e5 9.
Ne2 Nbd7 10.Ng3 Nb6 11.Be2 Ng8 12.h4 Ne7 13.h5 f5 14.h6 g6 15.f4 O-O 16.
O-O Bxc3 17.bxc3 fxe4 18.fxe5 Nexd5 19.Nxe4 Bf5 20.Bg5 Qd7 21.Nf6+ Nxf6 
22.exf6 Rae8 23.Qd2 d5 24.Bf3 Re6 25.Rfd1 Qf7 26.Qf2 Bd3 27.Qxc5 Re5 28.
Be3 Rc8 29.Qd4 Rce8 30.Bf2 Rf5 31.Re1 Be4 32.Bxe4 dxe4 33.Rxe4 Rxe4 34.
Qxe4 Rxf6 35.Rd1 Qc7 36.Bd4 Rf8 37.Qe6+ Rf7 38.Re1 Qf4 39.Qe8+ Rf8 40.Qe6+
Rf7 41.a4 Nd7 42.Qxc4 a5 43.Qd5 Qxh6 44.Rf1 Qf8 45.c4 Qe8 46.c5 Nf8 47.
Rxf7 Qxf7 48.Qe5 Qd7 49.c6 1-0

[Event "23rd EUR-ch (w)"]
[Site "Petrovac MNE"]
[Date "2023.03.25"]
[Round "7.8"]
[White "Mkrtchian, Mariam"]
[Black "Buksa, Natalia"]
[Result "1/2-1/2"]
[WhiteElo "2343"]
[BlackElo "2405"]
[EventDate "2023.03.18"]
[PlyCount "45"]
[WhiteTeam "Armenia"]
[BlackTeam "Ukraine"]

1.d4 Nf6 2.c4 e6 3.Nc3 d5 4.cxd5 exd5 5.Bg5 Bb4 6.e3 h6 7.Bh4 g5 8.Bg3 h5 
9.f3 h4 10.Bf2 Bf5 11.Bd3 Qd7 12.Ne2 Nc6 13.a3 Bxc3+ 14.Nxc3 O-O-O 15.Na4 
Nxd4 16.Nc5 Qe7 17.Rc1 Bxd3 18.Qxd3 Ne6 19.Nxb7 Kxb7 20.Qb5+ Kc8 21.Qa6+ 
Kb8 22.Qb5+ Kc8 23.Qa6+ 1/2-1/2

[Event "23rd EUR-ch (w)"]
[Site "Petrovac MNE"]
[Date "2023.03.25"]
[Round "7.60"]
[White "Bakalarz, Grazyna"]
[Black "Maione, Melissa"]
[Result "1/2-1/2"]
[WhiteElo "1847"]
[BlackElo "2028"]
[EventDate "2023.03.18"]
[PlyCount "135"]
[WhiteTeam "Luxembourg"]
[BlackTeam "Italy"]

1.e4 c5 2.c3 d5 3.exd5 Qxd5 4.d4 Nc6 5.Nf3 Bf5 6.Be3 cxd4 7.Nxd4 Nf6 8.
Nxf5 Qxf5 9.Bd3 Qd5 10.O-O O-O-O 11.Be2 Qxd1 12.Rxd1 Rxd1+ 13.Bxd1 Nd5 14.
Bd2 e6 15.c4 Ndb4 16.Nc3 Nd3 17.Na4 Nce5 18.b3 Be7 19.Be2 Rd8 20.Be3 Nc6 
21.Rd1 Ndb4 22.a3 Nc2 23.Rxd8+ Kxd8 24.b4 Nxa3 25.b5 Na5 26.c5 Nc2 27.Bf4 
Nd4 28.Bd3 Nab3 29.b6 axb6 30.cxb6 Kc8 31.Be5 g6 32.Bc4 f6 33.Bf4 Nc5 34.
Nc3 Bd8 35.Be3 Ndb3 36.Ne4 Na5 37.Nd6+ Kd7 38.Bxc5 Kc6 39.Ba3 Nxc4 40.Nxc4
Bxb6 41.Be7 Bd4 42.Kf1 b5 43.Ne3 Bc3 44.Ke2 Kd7 45.Bf8 Kc6 46.Kd3 Be1 47.
f3 Ba5 48.Be7 f5 49.Nc2 e5 50.Ne3 Bb6 51.Nc2 Ba5 52.Bb4 Bb6 53.g4 Kd5 54.
Bd2 e4+ 55.fxe4+ fxe4+ 56.Ke2 Kc4 57.Na3+ Kc5 58.Be3+ Kc6 59.Bxb6 Kxb6 60.
Ke3 b4 61.Nc4+ Kc5 62.Nd2 Kd5 63.Nxe4 b3 64.Nd2 b2 65.h4 h6 66.h5 gxh5 67.
gxh5 Ke5 68.Nc4+ 1/2-1/2

[Event "23rd EUR-ch (w)"]
[Site "Petrovac MNE"]
[Date "2023.03.25"]
[Round "7.65"]
[White "Bassari, Senem Gul"]
[Black "Popovic, Mateja"]
[Result "1-0"]
[WhiteElo "1524"]
[BlackElo "1832"]
[EventDate "2023.03.18"]
[PlyCount "139"]
[WhiteTeam "Turkey"]
[BlackTeam "Montenegro"]

1.e4 c5 2.Nf3 Nc6 3.d4 cxd4 4.Nxd4 e6 5.Nc3 Qc7 6.g3 a6 7.Bg2 Nf6 8.O-O 
Be7 9.Re1 d6 10.Nxc6 bxc6 11.e5 dxe5 12.Rxe5 O-O 13.Re1 Rd8 14.Qf3 Bb7 15.
Bf4 Bd6 16.Bg5 Be7 17.Bf4 Bd6 18.Bg5 Be7 19.Bf4 Qa5 20.a3 Bd6 21.b4 Qf5 
22.Bxd6 Qxf3 23.Bxf3 Rxd6 24.Na4 Rad8 25.Nc5 Bc8 26.Be2 Rd2 27.Bd3 Ng4 28.
Ne4 R2xd3 29.cxd3 Rxd3 30.Rad1 Rd5 31.Nc3 Rd7 32.Rxd7 Bxd7 33.Rd1 Nf6 34.
Ne4 Nd5 35.Nc3 Kf8 36.Nxd5 exd5 37.f4 Ke7 38.Kf2 Kd6 39.Rc1 Bf5 40.Ke3 Bh3
41.Kd4 g6 42.Re1 Be6 43.Re3 h5 44.Re1 Bd7 45.Rc1 Bg4 46.Rc5 Bh3 47.a4 Be6 
48.b5 cxb5 49.axb5 axb5 50.Rxb5 Kc6 51.Ra5 Kd6 52.Ra6+ Ke7 53.Ke5 Kd7 54.
Kf6 Kc7 55.Ke5 Kd7 56.Rb6 Kc7 57.Rd6 Kc8 58.Kd4 Kb7 59.Rxd5 Bxd5 60.Kxd5 
Kc7 61.Ke5 Kd7 62.f5 Ke7 63.h4 f6+ 64.Kf4 Kf7 65.Ke4 g5 66.Kd5 Ke7 67.Kc6 
Kf7 68.Kd7 Kf8 69.Ke6 Kg7 70.Ke7 1-0

[Event "23rd EUR-ch (w)"]
[Site "Petrovac MNE"]
[Date "2023.03.26"]
[Round "8.4"]
[White "Sargsian, Anna M."]
[Black "Bulmaga, Irina"]
[Result "1-0"]
[WhiteElo "2371"]
[BlackElo "2438"]
[EventDate "2023.03.18"]
[PlyCount "99"]
[WhiteTeam "Armenia"]
[BlackTeam "Romania"]

1.e4 e5 2.Nf3 Nc6 3.Bc4 Nf6 4.d3 Bc5 5.c3 d6 6.O-O h6 7.Re1 a5 8.d4 Bb6 9.
Bb5 Bd7 10.Na3 O-O 11.Nc4 Ba7 12.Bxc6 Bxc6 13.dxe5 Ng4 14.Be3 Nxe3 15.Nxe3
dxe5 16.Nxe5 Bxe4 17.Qa4 Bh7 18.Rad1 Qg5 19.Rd5 Bxe3 20.Rxe3 Qf5 21.h4 
Qb1+ 22.Kh2 Bf5 23.Rg3 Rad8 24.Nc6 Rde8 25.Qd4 g6 26.Ne5 Qe4 27.h5 c6 28.
hxg6 fxg6 29.Nxg6 Bxg6 30.Rd7 Qxd4 31.Rxg6+ Kh8 32.Rxh6+ Kg8 33.Rg6+ Kh8 
34.Rxd4 Re7 35.Kg3 Kh7 36.Rg5 Rf6 37.Rh4+ Rh6 38.Rxh6+ Kxh6 39.Rxa5 Re2 
40.b3 Kg6 41.Ra7 Re7 42.a4 Kf5 43.a5 Re5 44.b4 Rd5 45.Rxb7 Rd3+ 46.f3 Rxc3
47.a6 Ke5 48.b5 c5 49.a7 Ra3 50.b6 1-0

[Event "23rd EUR-ch (w)"]
[Site "Petrovac MNE"]
[Date "2023.03.26"]
[Round "8.5"]
[White "Melia, Salome"]
[Black "Danielian, Elina"]
[Result "1/2-1/2"]
[WhiteElo "2366"]
[BlackElo "2431"]
[EventDate "2023.03.18"]
[PlyCount "23"]
[WhiteTeam "Georgia"]
[BlackTeam "Armenia"]

1.e4 c5 2.Nf3 e6 3.d4 cxd4 4.Nxd4 Nc6 5.Nc3 Nf6 6.Ndb5 Bb4 7.a3 Bxc3+ 8.
Nxc3 d5 9.exd5 exd5 10.Bd3 O-O 11.O-O d4 12.Ne2 1/2-1/2

[Event "23rd EUR-ch (w)"]
[Site "Petrovac MNE"]
[Date "2023.03.26"]
[Round "8.18"]
[White "Gunina, Valentina"]
[Black "Koridze, Lile"]
[Result "1-0"]
[WhiteElo "2478"]
[BlackElo "2122"]
[EventDate "2023.03.18"]
[PlyCount "59"]
[WhiteTeam "FID"]
[BlackTeam "Georgia"]

1.d4 Nf6 2.c4 e6 3.Nf3 d5 4.Nc3 Bb4 5.cxd5 exd5 6.Bg5 h6 7.Bh4 c5 8.dxc5 
Nc6 9.e3 g5 10.Bg3 Ne4 11.Rc1 Qf6 12.Nd4 O-O 13.Be2 Nxc3 14.bxc3 Bxc5 15.
h4 Re8 16.hxg5 hxg5 17.Rh5 Nxd4 18.cxd4 Bb4+ 19.Kf1 Qg6 20.Qb3 a5 21.Qxd5 
Be6 22.Qxg5 Rac8 23.Ra1 Qxg5 24.Rxg5+ Kf8 25.a3 f6 26.Rh5 Bc3 27.Rb1 b6 
28.Rh8+ Bg8 29.Ba6 Rcd8 30.Bc4 1-0

[Event "23rd EUR-ch (w)"]
[Site "Petrovac MNE"]
[Date "2023.03.26"]
[Round "8.27"]
[White "Lehaci, Miruna-Daria"]
[Black "Kulon, Klaudia"]
[Result "0-1"]
[WhiteElo "2202"]
[BlackElo "2290"]
[EventDate "2023.03.18"]
[PlyCount "118"]
[WhiteTeam "Romania"]
[BlackTeam "Poland"]

1.Nf3 Nf6 2.b3 g6 3.Bb2 Bg7 4.g3 c5 5.c4 O-O 6.Bg2 d6 7.d4 Ne4 8.O-O Nc6 
9.e3 f5 10.Qc1 e5 11.dxe5 dxe5 12.Rd1 Qe7 13.Ne1 Be6 14.Nd3 Nb4 15.Nc3 
Rad8 16.Nxb4 Nxc3 17.Qxc3 cxb4 18.Qe1 b6 19.Bd5 Bxd5 20.cxd5 Qc5 21.Qd2 
Rf7 22.Rac1 Qb5 23.f3 h5 24.Rc4 a5 25.Kg2 Kh7 26.Bc1 e4 27.fxe4 fxe4 28.
Bb2 Bxb2 29.Qxb2 Rxd5 30.Rc8 Rg7 31.Rxd5 Qxd5 32.Qf6 Qd2+ 33.Qf2 Rd7 34.
Rc2 Qd5 35.Qf4 g5 36.Qf6 Rf7 37.Qxb6 Qf5 38.h3 h4 39.Qd6 Qf3+ 40.Kh2 Qxe3 
41.Rg2 hxg3+ 42.Qxg3 Qxg3+ 43.Kxg3 Rf3+ 44.Kg4 Kg6 45.Rc2 Rf4+ 46.Kg3 Kh5 
47.Re2 Rf3+ 48.Kg2 Rc3 49.Rxe4 Rc2+ 50.Kg3 Rxa2 51.h4 Ra3 52.hxg5 Rxb3+ 
53.Kf4 Rb1 54.Ke5 a4 55.Re2 a3 56.Ra2 Kxg5 57.Kd4 Rb2 58.Ra1 a2 59.Kd3 b3 
0-1

[Event "23rd EUR-ch (w)"]
[Site "Petrovac MNE"]
[Date "2023.03.26"]
[Round "8.37"]
[White "Abdulla, Khayala"]
[Black "Kobak, Polina"]
[Result "1-0"]
[WhiteElo "2221"]
[BlackElo "1815"]
[EventDate "2023.03.18"]
[PlyCount "81"]
[WhiteTeam "Azerbaijan"]
[BlackTeam "Armenia"]

1.e4 e6 2.d4 d5 3.Nc3 Bb4 4.Ne2 dxe4 5.a3 Bxc3+ 6.Nxc3 Nc6 7.Bb5 Ne7 8.Bg5
f6 9.Be3 O-O 10.Qd2 f5 11.O-O-O a6 12.Bxc6 Nxc6 13.g4 f4 14.Bxf4 e5 15.
Bxe5 Nxe5 16.dxe5 Qxd2+ 17.Rxd2 e3 18.fxe3 Bxg4 19.Rg1 h5 20.Nd5 Rf7 21.
Nf4 Re8 22.h3 Bf5 23.Rg5 Kf8 24.Rxh5 Kg8 25.Rg5 Kh7 26.Rdg2 Rd8 27.e6 Bxe6
28.Rxg7+ Kh8 29.R7g5 Bf5 30.Rh5+ Bh7 31.b3 Re8 32.Ng6+ Kg8 33.Ne5+ Rg7 34.
Ng4 Rf8 35.Rh6 Rf1+ 36.Kb2 Kf8 37.Rd2 Ke7 38.Rd5 c6 39.Rdh5 Bg8 40.Re5+ 
Kf7 41.Rd6 1-0

[Event "23rd EUR-ch (w)"]
[Site "Petrovac MNE"]
[Date "2023.03.26"]
[Round "8.58"]
[White "Manova, Ivana"]
[Black "Bassari, Senem Gul"]
[Result "1-0"]
[WhiteElo "1923"]
[BlackElo "1524"]
[EventDate "2023.03.18"]
[PlyCount "95"]
[WhiteTeam "Macedonia"]
[BlackTeam "Turkey"]

1.e4 c5 2.Nf3 d6 3.Bb5+ Nd7 4.a4 Nf6 5.Nc3 g6 6.O-O a6 7.Be2 Bg7 8.d4 cxd4
9.Nxd4 O-O 10.Be3 Nc5 11.Bf3 Bd7 12.b4 Ne6 13.Nde2 Nc7 14.Ra3 Rc8 15.Bb6 
Qe8 16.Qd3 Ng4 17.Bxg4 Bxg4 18.Nf4 Na8 19.Be3 Be6 20.Ncd5 Nc7 21.Nb6 Rd8 
22.c4 Na8 23.Rd1 Nxb6 24.Bxb6 Rc8 25.Nxe6 fxe6 26.c5 Qf7 27.Qe2 Qe8 28.Qg4
Qd7 29.h4 Kh8 30.h5 Qe8 31.Rh3 Qf7 32.f3 Qf6 33.hxg6 h6 34.Qh4 Qxh4 35.
Rxh4 a5 36.cxd6 exd6 37.Bxa5 Be5 38.Rxh6+ Kg8 39.Rh7 Rb8 40.Bc7 Ra8 41.a5 
Rf6 42.Rd7 Rxg6 43.Bxd6 Bc3 44.Bc5 Bf6 45.Rxb7 Kh8 46.Ra7 Rag8 47.g4 Be5 
48.Bd4 1-0

[Event "23rd EUR-ch (w)"]
[Site "Petrovac MNE"]
[Date "2023.03.27"]
[Round "9.6"]
[White "Socko, Monika"]
[Black "Melia, Salome"]
[Result "0-1"]
[WhiteElo "2432"]
[BlackElo "2366"]
[EventDate "2023.03.18"]
[PlyCount "80"]
[WhiteTeam "Poland"]
[BlackTeam "Georgia"]

1.d4 d5 2.c4 e6 3.Nf3 h6 4.g3 Nf6 5.Bg2 Bd6 6.O-O O-O 7.Nc3 Nc6 8.c5 Be7 
9.a3 Ne4 10.Qd3 f5 11.b4 Bf6 12.Bb2 Bd7 13.Rad1 Be8 14.e3 a6 15.Ne2 b6 16.
Nf4 Qc8 17.cxb6 cxb6 18.Rc1 g5 19.Ne2 Qb8 20.Rc2 Ne7 21.Ne5 Bb5 22.Qb3 
Bxe5 23.Bxe4 fxe4 24.dxe5 Qe8 25.Qa2 Qh5 26.Bd4 Ng6 27.Rfc1 Qf3 28.Nc3 Bc4
29.Qb2 Nh4 30.gxh4 Qg4+ 31.Kh1 Qf3+ 32.Kg1 gxh4 33.h3 Kh8 34.Nxe4 Rg8+ 35.
Ng3 hxg3 36.fxg3 Rxg3+ 37.Rg2 Rag8 38.Rc2 Qf1+ 39.Kh2 Rxh3+ 40.Kxh3 Qh1+ 
0-1

[Event "23rd EUR-ch (w)"]
[Site "Petrovac MNE"]
[Date "2023.03.27"]
[Round "9.10"]
[White "Mkrtchian, Lilit"]
[Black "Javakhishvili, Lela"]
[Result "0-1"]
[WhiteElo "2379"]
[BlackElo "2443"]
[EventDate "2023.03.18"]
[PlyCount "114"]
[WhiteTeam "Armenia"]
[BlackTeam "Georgia"]

1.Nf3 Nf6 2.g3 d5 3.Bg2 c5 4.O-O e6 5.d3 Nc6 6.Nbd2 Be7 7.e4 O-O 8.Re1 Qc7
9.e5 Nd7 10.Qe2 b5 11.h4 a5 12.Nf1 Ba6 13.N1h2 Rfc8 14.Bf4 b4 15.h5 c4 16.
h6 g6 17.Ng4 b3 18.axb3 cxd3 19.cxd3 Nb4 20.Red1 Qd8 21.Nf6+ Nxf6 22.exf6 
Bxf6 23.Be5 Nc6 24.Bh3 Nxe5 25.Nxe5 Qd6 26.f4 Bb5 27.Rd2 Qb6+ 28.Kh2 Be8 
29.Ra3 Rc7 30.d4 Rac8 31.Nf3 Rc1 32.g4 Qc7 33.Kg3 g5 34.Qe3 Be7 35.Ra2 Rb8
36.Ne5 f6 37.Nd3 gxf4+ 38.Nxf4 Bd6 39.Rd3 Bf7 40.Rxa5 Rc2 41.Ra6 Rxb2 42.
Rxd6 Qxd6 43.Kh4 Kh8 44.Rc3 Rb1 45.Nh5 Bxh5 46.Kxh5 Rg8 47.Qf2 Qf8 48.Qc2 
Rg1 49.Bg2 Rg5+ 50.Kh4 Qxh6+ 51.Kg3 Rg8 52.Rc8 Re1 53.Qc7 Qe3+ 54.Kh2 Qg1+
55.Kg3 Re3+ 56.Kh4 Qe1+ 57.Kh5 Qh1+ 0-1

[Event "23rd EUR-ch (w)"]
[Site "Petrovac MNE"]
[Date "2023.03.28"]
[Round "10.1"]
[White "Arabidze, Meri"]
[Black "Guichard, Pauline"]
[Result "1-0"]
[WhiteElo "2433"]
[BlackElo "2379"]
[EventDate "2023.03.18"]
[PlyCount "145"]
[WhiteTeam "Georgia"]
[BlackTeam "France"]

1.d4 Nf6 2.c4 e6 3.Nc3 Bb4 4.f3 c5 5.d5 b5 6.e4 d6 7.Ne2 bxc4 8.Nf4 e5 9.
Ne2 Nbd7 10.Ng3 Nb6 11.Be2 Ng8 12.h4 f5 13.f4 Bxc3+ 14.bxc3 Nf6 15.O-O O-O
16.fxe5 dxe5 17.exf5 Qxd5 18.a4 Bb7 19.Qxd5+ Bxd5 20.a5 Nbd7 21.Ra4 Rab8 
22.Rd1 Rb1 23.Nf1 h5 24.Nd2 Rb7 25.Nxc4 Bc6 26.Ra1 Kh7 27.Bg5 Rb3 28.Rac1 
Be4 29.Nd6 Rb2 30.Rd2 Rxd2 31.Bxd2 Bc6 32.Bg5 Rb8 33.Nc4 Be4 34.Nd6 Bc6 
35.Nc4 Be4 36.Rf1 Rb3 37.Nd2 Rxc3 38.Nxe4 Nxe4 39.Bxh5 c4 40.Bf7 Nd6 41.
Bg6+ Kg8 42.Be7 Nb5 43.h5 Nd4 44.h6 gxh6 45.f6 Ne2+ 46.Kf2 Nf4 47.Be8 Nf8 
48.g3 N4e6 49.Re1 Rc2+ 50.Kf3 c3 51.Rxe5 Rc1 52.Ba4 c2 53.Kg4 h5+ 54.Rxh5 
Kf7 55.Bb3 Ke8 56.Ba4+ Kf7 57.Bb3 Kg6 58.Ba3 Nd7 59.Rh6+ Kxh6 60.Bxc1+ Kg6
61.Bxe6 Ne5+ 62.Kh4 Nf3+ 63.Kg4 Ne5+ 64.Kh3 Kxf6 65.Bb3 Nd3 66.Ba3 c1=Q 
67.Bxc1 Nxc1 68.Bc4 Ke5 69.g4 Kd4 70.g5 Kxc4 71.g6 Nd3 72.g7 Nf4+ 73.Kh2 
1-0

[Event "23rd EUR-ch (w)"]
[Site "Petrovac MNE"]
[Date "2023.03.28"]
[Round "10.11"]
[White "Osmak, Yulia"]
[Black "Sieber, Fiona"]
[Result "1-0"]
[WhiteElo "2445"]
[BlackElo "2217"]
[EventDate "2023.03.18"]
[PlyCount "97"]
[WhiteTeam "Ukraine"]
[BlackTeam "Germany"]

1.d4 Nf6 2.c4 e6 3.Nc3 Bb4 4.e3 O-O 5.Bd2 b6 6.Nf3 d5 7.cxd5 exd5 8.Bd3 
Bd6 9.O-O Re8 10.Qb1 Ba6 11.Rd1 Bxd3 12.Qxd3 c6 13.Rac1 Nbd7 14.Ne2 Rc8 
15.Rc2 Ne4 16.Rdc1 Re6 17.Nf4 Rh6 18.g3 Rc7 19.Qe2 Qc8 20.Be1 Ndf6 21.Ne5 
c5 22.f3 Ng5 23.g4 Bxe5 24.dxe5 Nd7 25.h4 Nxf3+ 26.Qxf3 Nxe5 27.Qg3 Rd7 
28.h5 Rhd6 29.Bc3 Qe8 30.Bxe5 Qxe5 31.Rd1 d4 32.exd4 Rxd4 33.Re1 Rd1 34.
Re2 Qd4+ 35.Qf2 g5 36.h6 f6 37.Rxd1 Qxd1+ 38.Re1 Qxg4+ 39.Ng2 Kf7 40.Rf1 
Rd6 41.Qc2 Qd4+ 42.Kh2 Qd3 43.Qc1 Rd4 44.Qe1 Qd2 45.Qg3 Kg6 46.Rf2 Qc1 47.
Qf3 Rd6 48.Qe4+ Kh5 49.Qe8+ 1-0

[Event "23rd EUR-ch (w)"]
[Site "Petrovac MNE"]
[Date "2023.03.28"]
[Round "10.24"]
[White "Mammadova, Gulnar"]
[Black "Gajcin, Marina"]
[Result "1-0"]
[WhiteElo "2358"]
[BlackElo "2215"]
[EventDate "2023.03.18"]
[PlyCount "89"]
[WhiteTeam "Azerbaijan"]
[BlackTeam "Serbia"]

1.e4 c5 2.Nf3 e6 3.c3 Nf6 4.e5 Nd5 5.d4 cxd4 6.cxd4 Nc6 7.Bc4 d6 8.O-O Be7
9.Qe2 Nb6 10.Bb3 dxe5 11.dxe5 Nd4 12.Nxd4 Qxd4 13.Rd1 Qc5 14.Nc3 Bd7 15.
Bf4 Bc6 16.a3 g5 17.Be3 Qxe5 18.Qh5 Qf5 19.Rac1 Qg6 20.Qe2 O-O 21.Bd4 Bf6 
22.Bc2 Qg7 23.Bxf6 Qxf6 24.Rd3 Nd5 25.Nxd5 Bxd5 26.Rg3 h6 27.Re1 Qg7 28.h4
f5 29.hxg5 hxg5 30.Bb3 Bxb3 31.Rxb3 Rae8 32.Qc4 Rf6 33.Qb5 Re7 34.Rd3 Rh6 
35.Rd8+ Kh7 36.Red1 a6 37.Qc5 Rf7 38.Qc8 Qxb2 39.R8d7 Rf6 40.Qf8 Kg6 41.
Qg8+ Kh5 42.Qh8+ Kg6 43.Rxf7 Kxf7 44.Rd7+ Kg6 45.Qh7# 1-0

[Event "23rd EUR-ch (w)"]
[Site "Petrovac MNE"]
[Date "2023.03.28"]
[Round "10.32"]
[White "Fataliyeva, Ulviyya"]
[Black "Spanko, Nadia"]
[Result "1-0"]
[WhiteElo "2427"]
[BlackElo "2164"]
[EventDate "2023.03.18"]
[PlyCount "103"]
[WhiteTeam "Azerbaijan"]
[BlackTeam "Slovenia"]

1.Nf3 d5 2.g3 c5 3.b3 Nc6 4.Bb2 d4 5.Bg2 e5 6.O-O Be7 7.e3 e4 8.Ne1 Nf6 9.
d3 dxe3 10.fxe3 O-O 11.Qd2 Be6 12.c4 exd3 13.Nxd3 Qd7 14.Nf4 Qxd2 15.Nxd2 
Nb4 16.Nxe6 fxe6 17.Bh3 e5 18.Bxe5 Rad8 19.Nf3 Ne4 20.Bc7 Rde8 21.Bd7 Bf6 
22.Bxe8 Bxa1 23.Bd7 Bc3 24.a3 Nc2 25.Be6+ Kh8 26.Bd5 Nxe3 27.Bxe4 Nxf1 28.
Kxf1 Re8 29.Bd5 Re3 30.Bf4 Re7 31.Bd6 Rd7 32.Bxc5 b6 33.Bd4 Bxd4 34.Nxd4 
g5 35.Nf3 h6 36.Ne5 Rc7 37.Nc6 Kg7 38.Ke2 h5 39.b4 h4 40.gxh4 gxh4 41.Kd3 
Kf6 42.c5 h3 43.Kc4 Rg7 44.Nd4 bxc5 45.bxc5 Rg4 46.c6 Ke5 47.c7 Rxd4+ 48.
Kb3 Kxd5 49.c8=Q Rd3+ 50.Kb2 Rd2+ 51.Kc3 Rg2 52.Qxh3 1-0